000 01929nam a2200373 i 4500
001 nkc20253691187
003 CZ PrSKC
005 20260429110433.0
007 ta
008 250930s2025 xr a b 000 j cze
020 _a9788090927827
_cKč 479,00
040 _aABG001
_bcze
_dOLA001
_erda
072 7 _a821.162.3-3
_xČeská próza
_2Konspekt
072 7 _a821-93
_xLiteratura pro děti a mládež (beletrie)
_2Konspekt
080 _a821.162.3-32
_2MRF
080 _a821-93
_2MRF
080 _a(0:82-32)
_2MRF
100 1 _aTkáč, Jan,
_d1973-
_4aut
_920732
245 1 0 _aKroniky beskydských draků.
_pTajemství ztracené kroniky /
_cJan Tkáč ; ilustrace Ina Kreisingerová
246 3 0 _aTajemství ztracené kroniky
250 _aPrvní vydání
264 1 _aOstrava :
_bTajemné Beskydy,
_c2025
300 _a255 stran :
_bbarevné ilustrace ;
_c22 cm
500 _aObsahuje QR kódy s přístupem k rozšířením jednotlivých kapitol
500 _aDalší názvová informace na zadní obálce: samostatný příběh z oceněné série Kroniky beskydských draků
520 2 _aVolné pokračování fantasy příběhů odehrávajících se v kulisách beskydské krajiny.
_bMladá dračice Ája zjišťuje, že jako jediná dokáže magii nejen cítit, ale dokonce i vidět! Jenže být jiná není snadné - dospělí jí nevěří. Společně s nejlepší kamarádkou a svéráznou dračicí se vydává hledat ztracenou kroniku své prababičky, aby dokázala pravdu. Na cestě je čekají bláznivé vynálezy, roztomilé drakomyšky a temná varování magie, která naznačují, že v Beskydech se probouzí cosi nebezpečného. Nakladatelská anotace. Kráceno.
655 7 _ačeské příběhy
655 7 _apublikace pro děti
655 9 _aCzech stories
655 9 _achildren's literature
700 1 _aKreisingerová, Ina,
_d1983-
_4ill
_920733
910 _aABG508
999 _c34238
_d34238